ARRUPE JESUIT UNIVERSITY

CORONAVIRUS -STOP THE SPREAD - CLEAN,DISINFECT,COVER

Racial discrimination and repression in Southern Rhodesia (Record no. 125419)

MARC details
000 -LEADER
fixed length control field 00570nam a22001457a 4500
005 - DATE AND TIME OF LATEST TRANSACTION
control field 20161005112036.0
008 - FIXED-LENGTH DATA ELEMENTS--GENERAL INFORMATION
fixed length control field 161005b xxu||||| |||| 00| 0 eng d
050 ## - LIBRARY OF CONGRESS CALL NUMBER
Classification number KTZ210.I58 1976
110 ## - MAIN ENTRY--CORPORATE NAME
Corporate name or jurisdiction name as entry element International Commission of Jesuits (ICJ)
9 (RLIN) 26471
245 ## - TITLE STATEMENT
Title Racial discrimination and repression in Southern Rhodesia
Statement of responsibility, etc by International Commission of Jesuits (ICJ)
260 ## - PUBLICATION, DISTRIBUTION, ETC. (IMPRINT)
Place of publication, distribution, etc London
Name of publisher, distributor, etc Catholic Institute for International Relations
Date of publication, distribution, etc 1976
300 ## - PHYSICAL DESCRIPTION
Extent 118p.;
Dimensions 21cm.
650 ## - SUBJECT ADDED ENTRY--TOPICAL TERM
Topical term or geographic name as entry element Race descrimination
General subdivision Law and legislation
Geographic subdivision Zimbabwe
9 (RLIN) 26472
942 ## - ADDED ENTRY ELEMENTS (KOHA)
Source of classification or shelving scheme Library of Congress Classification
Item type Monograph ( Printed materials)
Holdings
Withdrawn status Lost status Source of classification or shelving scheme Damaged status Not for loan Collection code Home library Current library Shelving location Date acquired Total Checkouts Full call number Barcode Date last seen Price effective from Koha item type
    Library of Congress Classification     Main Collection ARRUPE LIBRARY ARRUPE LIBRARY Main Collection 05/10/2016   KTZ210.I58 1976 46500010060 28/06/2018 05/10/2016 Monograph ( Printed materials)

 

Arrupe Library. PO Box MP320 Mt Pleasant, Harare, Zimbabwe
263 242 745411|librarian@aju.ac.zw